AUTOSTRADA A11 - Statistics

Statistiche generali
  • Questo quiz è stato fatto 54 volte
  • Il punteggio medio è 8 su 12
Statistiche sulle risposte
Hint Risposta % Corretto
2 A1 Firenze Nord
98%
12 Pisa/Aurelia
95%
5 Pistoia
75%
11 Lucca ovest/Viareggio
70%
10 Lucca est
65%
3 Prato Est
65%
8 Altopascio
63%
9 Capannori
63%
6 Montecatini Terme
63%
4 Prato Ovest
63%
7 Chiesina Uzzanese
55%
1 Sesto Fiorentino
53%
Nessun quiz corrispondente trovato
Distribuzione punteggi
Percentuale di utenti per punteggio
Percentile per numero di risposta
I tuoi punteggi nel tempo
Non hai fatto questo quiz